|
|
|
|
| LEADER |
01048nam a2200217 a 4500 |
| 001 |
GR-MES4646 |
| 008 |
991111s1989 gr 000 0 gre d |
| 040 |
|
|
|a GrPaTEI
|b gre
|c GR-PaULI
|
| 245 |
0 |
0 |
|a Ανάλυση έργου.Αξιολόγηση έργου =
|b Job analysis.Job evaluation.
|
| 260 |
|
|
|a Αθήνα :
|b Παπαζήση,
|c 1989
|
| 300 |
|
|
|a 48σελ.
|
| 500 |
|
|
|a Περιέχει βιβλιογραφία
|
| 650 |
|
4 |
|a ΕΡΓΑΣΙΑ
|
| 650 |
|
4 |
|a Μάνατζμεντ
|
| 700 |
1 |
|
|a Παπαγεωργίου, Δ.
|
| 710 |
0 |
|
|a Παπαζήση
|
| 942 |
|
|
|2 ddc
|
| 952 |
|
|
|0 0
|1 0
|2 ddc
|4 0
|6 658_306000000000000_ΠΑΠ
|7 0
|9 269283
|a MSLG
|b MSLG
|c BSC
|d 2021-01-17
|e 24
|f 0
|g 0.00
|l 0
|o 658.306 ΠΑΠ
|p 2420000004845
|r 2021-01-17 00:00:00
|t 1
|w 2021-01-17
|y BK15
|x 20001219 0 1
|x GrPaTEI
|
| 952 |
|
|
|0 0
|1 0
|2 ddc
|4 0
|6 658_306000000000000_ΠΑΠ
|7 0
|9 269284
|a MSLG
|b MSLG
|c BSC
|d 2021-01-17
|e 24
|f 0
|g 0.00
|l 0
|o 658.306 ΠΑΠ
|p 2420000005042
|r 2021-01-17 00:00:00
|t 1
|w 2021-01-17
|y BK15
|x 19991111 0 1
|x GrPaTEI
|
| 971 |
|
|
|a .b25756928
|b 15-04-20
|c 13-09-16
|
| 999 |
|
|
|c 155330
|d 155330
|